Sonic 3 & Knuckles Zones - Statistics

General Stats
  • This quiz has been taken 10 times
  • The average score is 12 of 14
Answer Stats
Hint Answer % Correct
Sonic 3 Angel Island Zone
100%
Sonic & Knuckles Flying Battery Zone
100%
Sonic & Knuckles Sky Sanctuary Zone
100%
Sonic & Knuckles Death Egg Zone
90%
Sonic 3 IceCap Zone
90%
Sonic & Knuckles Lava Reef Zone
90%
Sonic 3 Marble Garden Zone
90%
Sonic & Knuckles Mushroom Hill Zone
90%
Sonic 3 Carnival Night Zone
80%
Sonic & Knuckles Hidden Palace Zone
80%
Sonic 3 Hydrocity Zone
80%
Sonic 3 Launch Base Zone
80%
Sonic & Knuckles Sandopolis Zone
80%
Sonic & Knuckles The Doomsday Zone
80%
No matching quizzes found
Score Distribution
Percent of People with Each Score
Percentile by Number Answered
Your Score History
You have not taken this quiz